00598nam a22002057a 450000500170000001000130001702000260003003500130005603700160006904000120008508200150009710000170011224500520012926000470018127000550022830000200028350000490030365000210035265000190037320170124110151.0 aB-227438 c700.00a9788189000462 aB-227438 bCen Lib/Ret aDPLbEN a637.1bKAP aKapoor, Ajay aDairy science and technology /cby Ajay Kapoor aNew DlehibVishvabharti Publicationsc2005 a4378/4B, Ansari Road Darya GanjbNew Delhie110002 a297p. c21cmHb) aIncludes bibliographical reference and index aDairy processing aDairy products